Der vielfältige Tourismus von Lanzarote Aktivtourismusmöglichkeiten auf der Insel des Teufels

Bibliographic Details
Main Author: Bíró Nikolett
Other Authors: Horváth Dr. Péter
Format: Thesis
Kulcsszavak:Lazarote
Aktivtourismus
Insel
Online Access:http://dolgozattar.uni-bge.hu/13085

MARC

LEADER 00000nta a2200000 i 4500
001 dolg13085
005 20180227135724.0
008 171128suuuu hu om 000 ger d
040 |a BGE Dolgozattár Repozitórium  |b hun 
041 |a de 
100 1 |a Bíró Nikolett 
245 1 4 |a Der vielfältige Tourismus von Lanzarote   |b Aktivtourismusmöglichkeiten auf der Insel des Teufels  |c Bíró Nikolett  |h [elektronikus dokumentum] 
246 1 1 |a Lanzarote sokoldalú turizmusa - Az aktív turizmus lehetőségei az ördög szigetén 
246 1 1 |a Lanzarote's various tourism - The possibilities of the active tourism on the devil's island 
695 |a Lazarote 
695 |a Aktivtourismus 
695 |a Insel 
700 1 |a Horváth Dr. Péter  |e ths 
856 4 0 |u http://dolgozattar.uni-bge.hu/13085/1/Diplomarbeit%20Nikolett%20B%C3%ADr%C3%B3.pdf  |z Dokumentum-elérés